000 00669cam a2200217 i 4500
005 20251127120033.0
008 250721s1993 ua gr 000 0 ara d
020 _a9770901342
082 1 4 _a211.9
_bق ط ب
100 1 _aقطب، محمد
_eمؤلف.
245 1 0 _aدراسات قرآنية /
_cمحمد قطب.
250 _aالطبعة السابعة.
264 3 1 _aالقاهرة :
_bدار الشروق،
_c1993.
300 _a535 صفحة.
650 1 7 _aالقرآن.
650 1 7 _aألفاظ القرآن.
650 1 7 _aبلاغة القرآن.
650 1 7 _aالعلوم القرآنية.
942 _2ddc
_cBK
999 _c79612
_d79612